000 00547nam a2200181 4500
001 26741
005 20230410143246.0
008 060907n1998 dr spa
020 _a9508941219
035 _9funglode26944
041 _aES
050 1 4 _a1mover1Karines
245 0 3 _aLa sociedad y el estado en el umbral del siglo XXI /
_cArturo Pellet Lastra, Luis Pablo Slavin, coordinadores.
260 _aBuenos Aires :
_bAdHoc,
_c1998
300 _a378 p.
700 _aPellet Lastra, Arturo. Slavin, Luis Pablo \
942 _2lcc
_cbk
999 _c98264
_d98264